| 000 | 01574nam a2200397 a 4500 | ||
|---|---|---|---|
| 001 | ebr10600417 | ||
| 003 | CaPaEBR | ||
| 006 | m u | ||
| 007 | cr cn||||||||| | ||
| 008 | 100426s2010 nyu sb 001 0 eng d | ||
| 010 | _z 2010017343 | ||
| 020 | _z9783039111145 (alk. paper) | ||
| 020 | _z3039111140 (alk. paper) | ||
| 020 | _z9783039111145 | ||
| 020 | _z9783035300000 (e-book) | ||
| 040 |
_aCaPaEBR _cCaPaEBR |
||
| 035 | _a(OCoLC)812911723 | ||
| 043 | _au-nz--- | ||
| 050 | 1 | 4 |
_aGV945.6.N45 _bS34 2010eb |
| 082 | 0 | 4 |
_a796.3330993 _222 |
| 100 | 1 |
_aScherer, Jay, _d1975- |
|
| 245 | 1 | 0 |
_aGlobalization, sport and corporate nationalism _h[electronic resource] : _bthe new cultural economy of the New Zealand All Blacks / _cJay Scherer and Steven J. Jackson. |
| 260 |
_aNew York : _bPeter Lang, _cc2010. |
||
| 300 | _axiv, 272 p. | ||
| 504 | _aIncludes bibliographical references and index. | ||
| 533 |
_aElectronic reproduction. _bPalo Alto, Calif. : _cebrary, _d2011. _nAvailable via World Wide Web. _nAccess may be limited to ebrary affiliated libraries. |
||
| 610 | 2 | 0 | _aAll Blacks (Rugby team) |
| 650 | 0 |
_aRugby Union football _zNew Zealand. |
|
| 650 | 0 |
_aSports and globalization _zNew Zealand. |
|
| 650 | 0 |
_aNationalism and sports _zNew Zealand. |
|
| 650 | 0 |
_aSports and state _zNew Zealand. |
|
| 655 | 7 |
_aElectronic books. _2local |
|
| 700 | 1 |
_aJackson, Steven J., _d1958- |
|
| 710 | 2 | _aebrary, Inc. | |
| 856 | 4 | 0 |
_uhttp://site.ebrary.com/lib/rucke/Doc?id=10600417 _zAn electronic book accessible through the World Wide Web; click to view |
| 999 |
_c110439 _d110439 |
||